000 005760000a22001690004500
003 MACL
005 20160320113123.0
008 160320b xxu||||| |||| 00| 0 eng d
040 _aMACL
_cMACL
041 _aHindi
082 _a954
100 _aडॉ बी पटटामि सीतारामयया
_945743
245 _aकांग्रेस का इतिहास
_bदूसरा खण्‍ड
260 _bसस्‍ता साहित्‍य मंडल
_c1948
_aदिल्‍ली
650 _aHistory
_947649
942 _cHIN
_k954
_2ddc
999 _c23132
_d23132